[Event "34. Abierto Collado Villalba 2017"]
[Site "Collado Villalba ESP"]
[Date "2017.08.28"]
[Round "7.11"]
[White "Rodriguez Melendez, Juan Humbert"]
[Black "Rojas Pozo, Jose Luis"]
[Result "1-0"]
[WhiteElo "2160"]
[BlackElo "1957"]
[PlyCount "103"]
[EventDate "2017.08.22"]
[EventType "swiss"]
[EventRounds "9"]
[EventCountry "ESP"]
[SourceTitle "Ajedrez en Madrid"]
[Source "lmi"]
[SourceDate "2017.08.22"]
[SourceVersion "1"]
[SourceVersionDate "2018.03.05"]
[SourceQuality "1"]

1. d4 d5 2. Nf3 Nf6 3. c4 e6 4. g3 c6 5. Bg2 Nbd7 6. O-O Ne4 7. Qc2 f5 8. Nc3
Ndf6 9. Rb1 Nxc3 10. Qxc3 Ne4 11. Qc2 a5 12. b3 Bd6 13. a3 Qe7 14. c5 Bc7 15.
Ne1 g5 16. Nd3 g4 17. Bf4 Bxf4 18. Nxf4 Qg5 19. f3 Nf6 20. Qc1 Qg7 21. Qe3 Kf7
22. Nd3 h5 23. Qf4 Kg8 24. Ne5 Nd7 25. Nd3 Nf6 26. Kf2 h4 27. Rg1 Nh5 28. Qe5
Qxe5 29. Nxe5 hxg3+ 30. hxg3 gxf3 31. Bxf3 Nf6 32. g4 f4 33. Rh1 Rxh1 34. Rxh1
Nd7 35. Nd3 b6 36. cxb6 Rb8 37. Nxf4 Rxb6 38. Rc1 e5 39. Nxd5 cxd5 40. Bxd5+
Kg7 41. Rxc8 Nf6 42. Bc4 exd4 43. Kf3 Kg6 44. Ra8 a4 45. Rxa4 Nd7 46. Ra5 Rf6+
47. Ke4 Rd6 48. g5 Nb6 49. Bd3 Re6+ 50. Kxd4+ Kg7 51. Ra6 Kf8 52. a4 1-0

[Event "34. Abierto Collado Villalba 2017"]
[Site "Collado Villalba ESP"]
[Date "2017.08.28"]
[Round "7.12"]
[White "Arauz Alonso, Fernando"]
[Black "Elguezabal Selioutin, Dario"]
[Result "1/2-1/2"]
[WhiteElo "2140"]
[BlackElo "1844"]
[PlyCount "39"]
[EventDate "2017.08.22"]
[EventType "swiss"]
[EventRounds "9"]
[EventCountry "ESP"]
[SourceTitle "Ajedrez en Madrid"]
[Source "lmi"]
[SourceDate "2017.08.22"]
[SourceVersion "1"]
[SourceVersionDate "2018.03.05"]
[SourceQuality "1"]

1. d4 d5 2. c4 dxc4 3. Nf3 Nf6 4. e3 e6 5. Bxc4 a6 6. O-O b5 7. Bb3 Bb7 8. Nc3
Be7 9. Qe2 O-O 10. e4 b4 11. e5 bxc3 12. exf6 Bxf6 13. bxc3 c5 14. Ba3 Nd7 15.
dxc5 Be7 16. Rad1 Bxf3 17. Qxf3 Qc7 18. Qg3 Qxg3 19. hxg3 Bxc5 20. Rxd7 1/2-1/2

[Event "34. Abierto Collado Villalba 2017"]
[Site "Collado Villalba ESP"]
[Date "2017.08.28"]
[Round "7.13"]
[White "Erice Alonso, Santiago"]
[Black "Aziz Ortego, Omar Luis"]
[Result "0-1"]
[WhiteElo "1963"]
[BlackElo "2069"]
[PlyCount "98"]
[EventDate "2017.08.22"]
[EventType "swiss"]
[EventRounds "9"]
[EventCountry "ESP"]
[SourceTitle "Ajedrez en Madrid"]
[Source "lmi"]
[SourceDate "2017.08.22"]
[SourceVersion "1"]
[SourceVersionDate "2018.03.05"]
[SourceQuality "1"]

1. c4 e5 2. Nc3 c5 3. Nf3 Nc6 4. e3 d6 5. d4 f6 6. d5 Nce7 7. e4 g5 8. Be2 Ng6
9. g3 h5 10. Be3 Nh6 11. h3 Nf7 12. h4 g4 13. Nd2 Ne7 14. Qc2 a6 15. Rf1 Rb8
16. O-O-O Bd7 17. f3 Bg7 18. fxg4 hxg4 19. Rf2 b5 20. Rdf1 Qa5 21. Nb3 Qd8 22.
Qd1 Qc8 23. Qc2 bxc4 24. Bxc4 Bb5 25. Nd2 Qd7 26. Qd1 Nh6 27. Rxf6 Bxf6 28.
Rxf6 Neg8 29. Re6+ Kd8 30. a4 Bxc4 31. Nxc4 Nf7 32. Qxg4 Kc7 33. a5 Ngh6 34.
Qe2 Kb7 35. Nb6 Qc7 36. Nc4 Rbe8 37. Rf6 Re7 38. Nxd6+ Nxd6 39. Bxh6 Rf7 40.
Re6 Rd8 41. Rxe5 Qxa5 42. Bf4 Qb4 43. Re6 Nc4 44. Na2 Qb3 45. Nc3 Rxf4 46. gxf4
Rg8 47. Nd1 Rg1 48. Re7+ Kb6 49. Re6+ Ka5 0-1

[Event "34. Abierto Collado Villalba 2017"]
[Site "Collado Villalba ESP"]
[Date "2017.08.28"]
[Round "7.14"]
[White "Zhou, Lulu"]
[Black "Unciti Juan, Javier"]
[Result "1/2-1/2"]
[WhiteElo "1928"]
[BlackElo "2040"]
[PlyCount "85"]
[EventDate "2017.08.22"]
[EventType "swiss"]
[EventRounds "9"]
[EventCountry "ESP"]
[SourceTitle "Ajedrez en Madrid"]
[Source "lmi"]
[SourceDate "2017.08.22"]
[SourceVersion "1"]
[SourceVersionDate "2018.03.05"]
[SourceQuality "1"]

1. e4 e6 2. d4 d5 3. Nc3 Bb4 4. e5 b6 5. a3 Bf8 6. f4 Nh6 7. Nf3 Ba6 8. Bxa6
Nxa6 9. Be3 c5 10. Ne2 Be7 11. c3 Nc7 12. Qd2 O-O 13. h3 Nf5 14. Bf2 c4 15. g4
Nh4 16. Nxh4 Bxh4 17. Ng1 b5 18. Nf3 Be7 19. g5 a5 20. O-O g6 21. h4 Na6 22. h5
b4 23. axb4 axb4 24. hxg6 fxg6 25. Be3 Nc7 26. Nh2 Ne8 27. Ng4 Ng7 28. Nf6+
Bxf6 29. gxf6 Nf5 30. cxb4 Qb6 31. Bf2 Rfb8 32. Ra3 Ra6 33. Rfa1 Rba8 34. Qc3
Qb5 35. Ra5 Rxa5 36. bxa5 h5 37. Qd2 Kf7 38. Be1 Ra7 39. Qf2 c3 40. bxc3 Qd3
41. Qf1 Qc2 42. Qf2 Qd3 43. Qf1 1/2-1/2

[Event "34. Abierto Collado Villalba 2017"]
[Site "Collado Villalba ESP"]
[Date "2017.08.28"]
[Round "7.15"]
[White "Cabañas Bravo, Juan Andres"]
[Black "Camacho Casado, Natalio"]
[Result "1/2-1/2"]
[WhiteElo "2023"]
[BlackElo "2105"]
[PlyCount "116"]
[EventDate "2017.08.22"]
[EventType "swiss"]
[EventRounds "9"]
[EventCountry "ESP"]
[SourceTitle "Ajedrez en Madrid"]
[Source "lmi"]
[SourceDate "2017.08.22"]
[SourceVersion "1"]
[SourceVersionDate "2018.03.05"]
[SourceQuality "1"]

1. e4 d6 2. d4 Nf6 3. Nc3 g6 4. f3 c6 5. Be3 b5 6. Qd2 Bg7 7. Nge2 b4 8. Nd1 a5
9. g4 Ba6 10. Ng3 Bxf1 11. Kxf1 h6 12. a3 Na6 13. axb4 Nxb4 14. c3 Na6 15. Kg2
Nd7 16. h4 c5 17. h5 g5 18. Nf5 Bf6 19. Nf2 cxd4 20. cxd4 Nb4 21. f4 Nb6 22. b3
e6 23. fxg5 Bxg5 24. Bxg5 Qxg5 25. Nxd6+ Ke7 26. Qxg5+ hxg5 27. e5 N6d5 28.
Rhc1 f5 29. gxf5 Ne3+ 30. Kf3 Nxf5 31. Nxf5+ exf5 32. Rc5 Rxh5 33. Raxa5 Rxa5
34. Rxa5 Nc2 35. Ra7+ Ke6 36. Ra6+ Ke7 37. Ra4 Rh4 38. d5 Nd4+ 39. Kg3 f4+ 40.
Kg2 Nxb3 41. Ra7+ Kf8 42. Ne4 f3+ 43. Kxf3 Nd4+ 44. Ke3 Nc2+ 45. Kd3 Nb4+ 46.
Kd4 Nc2+ 47. Kc5 Rxe4 48. e6 g4 49. Kd6 g3 50. Rf7+ Kg8 51. Rf3 Nd4 52. Rxg3+
Kf8 53. Rh3 Nf5+ 54. Kd7 Kg7 55. Rf3 Kf6 56. Rxf5+ Kxf5 57. e7 Kf6 58. e8=Q
Rxe8 1/2-1/2

[Event "34. Abierto Collado Villalba 2017"]
[Site "Collado Villalba ESP"]
[Date "2017.08.28"]
[Round "7.16"]
[White "Tarrio Ocaña, Jose Manuel"]
[Black "Lopez De Turiso, Jose Angel"]
[Result "0-1"]
[WhiteElo "1869"]
[BlackElo "2035"]
[PlyCount "122"]
[EventDate "2017.08.22"]
[EventType "swiss"]
[EventRounds "9"]
[EventCountry "ESP"]
[SourceTitle "Ajedrez en Madrid"]
[Source "lmi"]
[SourceDate "2017.08.22"]
[SourceVersion "1"]
[SourceVersionDate "2018.03.05"]
[SourceQuality "1"]

1. e4 e5 2. Bc4 Nf6 3. d3 Nc6 4. Nf3 Be7 5. c3 O-O 6. O-O d5 7. exd5 Nxd5 8.
Re1 Bg4 9. Nbd2 Nf4 10. Ne4 Na5 11. h3 Nxc4 12. Bxf4 Nxb2 13. Qc2 Bxf3 14. gxf3
Nxd3 15. Red1 exf4 16. Rxd3 Qc8 17. Kh2 a5 18. Rg1 Ra6 19. Rg4 f5 20. Ng5 fxg4
21. Rd8 g3+ 22. Kg2 Bxg5 23. Rxc8 Rxc8 24. Qf5 Rf8 25. Qd5+ Kh8 26. Qxg5 Rd6
27. fxg3 fxg3 28. Qxa5 b6 29. Qe5 Rdf6 30. Qxc7 Rxf3 31. Qd6 h6 32. Qe7 R3f5
33. Kxg3 g6 34. Qe3 Rg5+ 35. Kh2 b5 36. Qe7 Kg8 37. Qe6+ Kg7 38. Qd7+ Rf7 39.
Qd4+ Kh7 40. a4 bxa4 41. Qxa4 h5 42. Qd4 Rb7 43. c4 Re7 44. c5 Re2+ 45. Kh1 Rc2
46. Qf4 Rgxc5 47. Qf7+ Kh6 48. Qf4+ Kg7 49. Qd4+ Kf7 50. Qd7+ Kf6 51. Qd4+ Kf5
52. Qd3+ Kf4 53. Qd6+ Kf3 54. Qd3+ Kf4 55. Qd6+ Kg5 56. Qe7+ Kf5 57. Qf7+ Kg5
58. Qe7+ Kf4 59. Qd6+ Ke3 60. Qxg6 Rc1+ 61. Kh2 R5c2+ 0-1

[Event "34. Abierto Collado Villalba 2017"]
[Site "Collado Villalba ESP"]
[Date "2017.08.28"]
[Round "7.17"]
[White "Martinez Belen, Alejandro"]
[Black "Andrade Sandoval, Jim Carlos"]
[Result "1-0"]
[WhiteElo "1800"]
[BlackElo "1947"]
[PlyCount "115"]
[EventDate "2017.08.22"]
[EventType "swiss"]
[EventRounds "9"]
[EventCountry "ESP"]
[SourceTitle "Ajedrez en Madrid"]
[Source "lmi"]
[SourceDate "2017.08.22"]
[SourceVersion "1"]
[SourceVersionDate "2018.03.05"]
[SourceQuality "1"]

1. d4 d5 2. c4 e6 3. Nc3 Nf6 4. Bg5 Be7 5. cxd5 exd5 6. Nf3 c6 7. e3 Bf5 8. Ne5
Nbd7 9. g4 Bg6 10. Nxd7 Qxd7 11. Rg1 Ne4 12. Bxe7 Qxe7 13. Bg2 Qd6 14. Bxe4
Bxe4 15. Rg3 Qh6 16. Nxe4 dxe4 17. h3 O-O-O 18. Qb3 Rd5 19. Rc1 Rhd8 20. Qc2
Qd6 21. a3 Rb5 22. b4 a5 23. Qa4 Qc7 24. Rc5 Qb6 25. Rxb5 Qxb5 26. Qxb5 cxb5
27. Kd2 Kd7 28. Kc3 Rc8+ 29. Kb2 Kd6 30. g5 Kd5 31. g6 hxg6 32. Rg5+ Kc4 33.
bxa5 b4 34. Re5 bxa3+ 35. Kxa3 Ra8 36. Rc5+ Kd3 37. Kb4 Ke2 38. Rc2+ Ke1 39.
Kb5 f5 40. Ra2 Ra6 41. d5 g5 42. Kc5 f4 43. d6 b6+ 44. Kb5 Rxa5+ 45. Rxa5 bxa5
46. d7 Kxf2 47. exf4 gxf4 48. d8=Q e3 49. Qh4+ Kf3 50. Qg4+ Ke4 51. Kxa5 g5 52.
Qe2 f3 53. Qc4+ Ke5 54. Qg4 e2 55. Qxg5+ Ke4 56. Qd2 Kf5 57. Qe3 Kg6 58. Kb5
1-0

[Event "34. Abierto Collado Villalba 2017"]
[Site "Collado Villalba ESP"]
[Date "2017.08.28"]
[Round "7.18"]
[White "Andrade Sandoval, Bianca"]
[Black "Lopez Ziegler, Carlos"]
[Result "1/2-1/2"]
[WhiteElo "1880"]
[BlackElo "1852"]
[PlyCount "111"]
[EventDate "2017.08.22"]
[EventType "swiss"]
[EventRounds "9"]
[EventCountry "ESP"]
[SourceTitle "Ajedrez en Madrid"]
[Source "lmi"]
[SourceDate "2017.08.22"]
[SourceVersion "1"]
[SourceVersionDate "2018.03.05"]
[SourceQuality "1"]

1. d4 Nf6 2. Nf3 d5 3. e3 Bf5 4. c4 c6 5. Nc3 e6 6. Bd3 Be7 7. Bxf5 exf5 8. Qb3
b6 9. cxd5 Nxd5 10. Nxd5 Qxd5 11. Qxd5 cxd5 12. Bd2 f6 13. O-O-O Na6 14. a3 Kd7
15. Kb1 Nc7 16. Rc1 Nb5 17. Rc2 Bxa3 18. bxa3 Nxa3+ 19. Kb2 Nxc2 20. Kxc2 a5
21. Rb1 Rhc8+ 22. Kd1 Kc6 23. Ne1 b5 24. Nd3 g5 25. Nc5 b4 26. Kc2 Kb5 27. Kd3
Ra7 28. Rb2 h5 29. f3 Re7 30. Rb1 Rce8 31. Rb2 h4 32. Rb1 h3 33. g3 g4 34. f4
Rc8 35. Rb2 Rec7 36. Rb1 Rc6 37. Rb2 R8c7 38. Rb1 Rc8 39. Rb2 Rxc5 40. dxc5
Rxc5 41. Kd4 Rc4+ 42. Kxd5 a4 43. Ra2 a3 44. Bxb4 Kxb4 45. Rxa3 Rc2 46. Ra6
Rxh2 47. Rxf6 Rg2 48. Rxf5 Rxg3 49. Rh5 Rxe3 50. f5 Kc3 51. Rh4 Rf3 52. Rxg4
Rxf5+ 53. Ke4 Rh5 54. Rg1 h2 55. Rh1 Kd2 56. Kf3 1/2-1/2

[Event "34. Abierto Collado Villalba 2017"]
[Site "Collado Villalba ESP"]
[Date "2017.08.28"]
[Round "7.19"]
[White "Rodriguez De Robles, Ignacio"]
[Black "Perez Gonzalez, Jesus Miguel"]
[Result "1-0"]
[WhiteElo "1858"]
[BlackElo "1599"]
[PlyCount "105"]
[EventDate "2017.08.22"]
[EventType "swiss"]
[EventRounds "9"]
[EventCountry "ESP"]
[SourceTitle "Ajedrez en Madrid"]
[Source "lmi"]
[SourceDate "2017.08.22"]
[SourceVersion "1"]
[SourceVersionDate "2018.03.05"]
[SourceQuality "1"]

1. e4 e6 2. d4 d5 3. Nc3 Bb4 4. e5 Ne7 5. a3 Bxc3+ 6. bxc3 c5 7. Nf3 Nbc6 8.
dxc5 Qa5 9. Qd3 Qxc5 10. Be3 Qa5 11. Be2 Ng6 12. O-O Ngxe5 13. Nxe5 Nxe5 14.
Qd4 f6 15. Bh5+ g6 16. f4 Nf7 17. Bf3 Qd8 18. Qb4 a5 19. Qb3 Nd6 20. Bb6 Qd7
21. Bxd5 exd5 22. Qxd5 Nf7 23. Qc5 Qd6 24. Rfe1+ Kf8 25. Qxd6+ Nxd6 26. Bc5 Bf5
27. Bxd6+ Kg7 28. Re7+ Kh6 29. Rxb7 Rhc8 30. Be7 Ra6 31. Re1 g5 32. fxg5+ Kxg5
33. Rb5 Kg6 34. Re3 Bxc2 35. Rg3+ Kf7 36. Bc5 Be4 37. Bd4 Rg8 38. Rxg8 Kxg8 39.
Rb8+ Kf7 40. g3 Ke6 41. Kf2 Kf5 42. Ke3 Bg2 43. Rh8 Kg6 44. Kf4 Re6 45. g4 Kg7
46. Rc8 Kg6 47. h4 h6 48. h5+ Kf7 49. Rc7+ Ke8 50. Rh7 Re2 51. Rxh6 Ra2 52.
Rxf6 Rxa3 53. h6 1-0

[Event "34. Abierto Collado Villalba 2017"]
[Site "Collado Villalba ESP"]
[Date "2017.08.28"]
[Round "7.20"]
[White "Fernandez Aransay, Fernando"]
[Black "Cardena Contreras, Javier"]
[Result "0-1"]
[WhiteElo "1844"]
[BlackElo "1925"]
[PlyCount "108"]
[EventDate "2017.08.22"]
[EventType "swiss"]
[EventRounds "9"]
[EventCountry "ESP"]
[SourceTitle "Ajedrez en Madrid"]
[Source "lmi"]
[SourceDate "2017.08.22"]
[SourceVersion "1"]
[SourceVersionDate "2018.03.05"]
[SourceQuality "1"]

1. e4 c5 2. Nf3 Nc6 3. d4 cxd4 4. Nxd4 Nf6 5. Nc3 g6 6. Bc4 Bg7 7. Bb3 O-O 8.
Be3 d6 9. h3 Bd7 10. O-O Qa5 11. Re1 Rfe8 12. Nf3 h6 13. Qd2 Qh5 14. Bf4 Bxh3
15. e5 dxe5 16. Nxe5 Nxe5 17. Rxe5 Bf5 18. f3 e6 19. Rae1 g5 20. Bg3 Qg6 21.
Nb5 Nh5 22. Bh2 Bxe5 23. Bxe5 Rad8 24. Qf2 g4 25. Nd6 Rf8 26. Nxb7 Rd7 27. Nc5
Rdd8 28. Nd3 g3 29. Qe3 Bxd3 30. cxd3 Rxd3 31. Qe2 Rd7 32. f4 Ng7 33. Bc2 Nf5
34. Bc3 Kh7 35. Qe5 Rg8 36. Be4 Qh5 37. Bf3 Qg6 38. Be4 Rgd8 39. Kf1 Rd1 40.
Ke2 Rxe1+ 41. Kxe1 Qg4 42. Bd4 h5 43. Qf6 Rxd4 44. Qxd4 Qxf4 45. Bxf5+ Qxf5 46.
Qxa7 h4 47. Qd4 Qg5 48. Qe4+ Kg7 49. Qd4+ e5 50. Qd7 Qc1+ 51. Ke2 Qxb2+ 52. Ke3
Qd4+ 53. Qxd4 exd4+ 54. Kxd4 h3 0-1

[Event "34. Abierto Collado Villalba 2017"]
[Site "Collado Villalba ESP"]
[Date "2017.08.28"]
[Round "7.21"]
[White "Lacrosse, Marc"]
[Black "Sanchez Rodenas, Jose Antonio"]
[Result "1-0"]
[WhiteElo "2173"]
[BlackElo "1627"]
[PlyCount "59"]
[EventDate "2017.08.22"]
[EventType "swiss"]
[EventRounds "9"]
[EventCountry "ESP"]
[SourceTitle "Ajedrez en Madrid"]
[Source "lmi"]
[SourceDate "2017.08.22"]
[SourceVersion "1"]
[SourceVersionDate "2018.03.05"]
[SourceQuality "1"]

1. d4 Nf6 2. c4 e6 3. Nf3 b6 4. a3 Bb7 5. Nc3 Be7 6. d5 exd5 7. cxd5 d6 8. e4
Nbd7 9. Bd3 O-O 10. O-O Ne5 11. Nxe5 dxe5 12. Be3 c6 13. dxc6 Bxc6 14. Qe2 Qc7
15. Rac1 Qb7 16. Ba6 Qd7 17. Rfd1 Qg4 18. Qc4 Bd7 19. f3 Qe6 20. Qc7 Bd8 21.
Qd6 Qxd6 22. Rxd6 Be7 23. Rd2 Rfd8 24. Nd5 Nxd5 25. Rxd5 f6 26. Rc7 Be6 27.
Rxe7 Bxd5 28. exd5 Kf8 29. Rc7 Rxd5 30. Bc4 1-0

[Event "34. Abierto Collado Villalba 2017"]
[Site "Collado Villalba ESP"]
[Date "2017.08.28"]
[Round "7.22"]
[White "Vega De Alba, Miguel"]
[Black "Lopez Heras, Arturo"]
[Result "0-1"]
[WhiteElo "1753"]
[BlackElo "1890"]
[PlyCount "64"]
[EventDate "2017.08.22"]
[EventType "swiss"]
[EventRounds "9"]
[EventCountry "ESP"]
[SourceTitle "Ajedrez en Madrid"]
[Source "lmi"]
[SourceDate "2017.08.22"]
[SourceVersion "1"]
[SourceVersionDate "2018.03.05"]
[SourceQuality "1"]

1. d4 Nf6 2. c4 g6 3. Nc3 Bg7 4. Bg5 O-O 5. Nf3 d6 6. e3 Nbd7 7. Be2 c5 8. O-O
a6 9. Qc2 Re8 10. Rad1 Qc7 11. Nd2 e5 12. d5 Rb8 13. e4 h6 14. Be3 Nf8 15. f3
Nh5 16. f4 exf4 17. Bxf4 Nxf4 18. Rxf4 Nh7 19. Bd3 Be5 20. Rff1 Qe7 21. Nf3 Bg4
22. Rde1 Bxf3 23. Rxf3 Bxh2+ 24. Kh1 Bg3 25. Rxg3 Qh4+ 26. Rh3 Qxe1+ 27. Kh2
Nf6 28. Rg3 Re5 29. Be2 Kg7 30. Qd3 Rbe8 31. Bf3 h5 32. a3 Ng4+ 0-1

[Event "34. Abierto Collado Villalba 2017"]
[Site "Collado Villalba ESP"]
[Date "2017.08.28"]
[Round "7.23"]
[White "Rodriguez Yague, Fermin"]
[Black "Perez Cameselle, Francisco Jose"]
[Result "1/2-1/2"]
[WhiteElo "1643"]
[BlackElo "1789"]
[PlyCount "127"]
[EventDate "2017.08.22"]
[EventType "swiss"]
[EventRounds "9"]
[EventCountry "ESP"]
[SourceTitle "Ajedrez en Madrid"]
[Source "lmi"]
[SourceDate "2017.08.22"]
[SourceVersion "1"]
[SourceVersionDate "2018.03.05"]
[SourceQuality "1"]

1. e4 g6 2. d4 c6 3. Nf3 d5 4. e5 Bg4 5. Be2 Bg7 6. c3 Qb6 7. O-O e6 8. Qb3
Qxb3 9. axb3 Ne7 10. b4 Bxf3 11. Bxf3 Na6 12. Nd2 Nc7 13. Nb3 a6 14. Be2 O-O-O
15. Bg5 Rde8 16. Nc5 h6 17. Bxe7 Rxe7 18. f4 h5 19. Ra2 Bh6 20. h4 Rf8 21. g3
Nb5 22. Kg2 Rc7 23. Kg1 Re8 24. Kg2 Bf8 25. Kh3 Bxc5 26. bxc5 Rce7 27. Bxb5
cxb5 28. b4 Kc7 29. Rfa1 Rf8 30. Rd2 f6 31. Kg2 fxe5 32. dxe5 Rd7 33. Rd4 Ra8
34. Kf2 b6 35. cxb6+ Kxb6 36. Ke3 Rc7 37. Kd3 Rac8 38. Ra3 Ra7 39. Ra5 Rac7 40.
Ra3 Rc4 41. Rxc4 Rxc4 42. Rb3 Re4 43. Rb1 a5 44. bxa5+ Kxa5 45. Ra1+ Ra4 46.
Rb1 Ra2 47. Rg1 Rf2 48. Ra1+ Kb6 49. Rg1 Kc5 50. Ke3 Rc2 51. Kd3 Rh2 52. Re1
Rf2 53. Re3 Ra2 54. g4 hxg4 55. Rg3 Ra3 56. Rxg4 d4 57. Rxg6 Rxc3+ 58. Kd2 Kd5
59. h5 b4 60. h6 Rh3 61. Kc2 b3+ 62. Kc1 Rh2 63. Kb1 d3 64. Rg1 1/2-1/2

[Event "34. Abierto Collado Villalba 2017"]
[Site "Collado Villalba ESP"]
[Date "2017.08.28"]
[Round "7.24"]
[White "Tevar Sanz, Gonzalo"]
[Black "Perez Vazquez, Manuel"]
[Result "0-1"]
[WhiteElo "1749"]
[BlackElo "1856"]
[PlyCount "106"]
[EventDate "2017.08.22"]
[EventType "swiss"]
[EventRounds "9"]
[EventCountry "ESP"]
[SourceTitle "Ajedrez en Madrid"]
[Source "lmi"]
[SourceDate "2017.08.22"]
[SourceVersion "1"]
[SourceVersionDate "2018.03.05"]
[SourceQuality "1"]

1. d4 g6 2. Bf4 Bg7 3. e3 d6 4. Nf3 Nd7 5. Be2 e5 6. Bg3 Qe7 7. O-O Nh6 8. Nc3
c6 9. Bh4 f6 10. dxe5 dxe5 11. Bc4 Nf5 12. Ne4 Nc5 13. Nxc5 Qxc5 14. Bb3 e4 15.
g4 Nxh4 16. Nxh4 Qg5 17. Ng2 Bxg4 18. Qd6 Bh3 19. Qg3 Qxg3 20. hxg3 Ke7 21.
Rfd1 Rhd8 22. Nf4 Bg4 23. Rxd8 Rxd8 24. Kf1 g5 25. Ne2 Rd2 26. Nd4 c5 27. Ke1
Rxd4 28. exd4 cxd4 29. Bd5 f5 30. Bxb7 h5 31. Ba6 f4 32. gxf4 gxf4 33. Be2 f3
34. Ba6 Kd6 35. Rd1 Bf5 36. Bb7 Ke5 37. b4 h4 38. Kf1 Bh3+ 39. Kg1 Bh6 40. Re1
Bf5 41. b5 Bd2 42. Rb1 Kf4 43. b6 axb6 44. Rxb6 e3 45. fxe3+ dxe3 46. Bxf3 Kxf3
47. Rb3 Bxc2 48. Ra3 Be4 49. Rb3 Kf4 50. Kf1 h3 51. Rb8 Bd3+ 52. Kg1 e2 53.
Rf8+ Bf5 0-1

[Event "34. Abierto Collado Villalba 2017"]
[Site "Collado Villalba ESP"]
[Date "2017.08.29"]
[Round "8.1"]
[White "Elissalt Cardenas, Hector"]
[Black "Moreno Ruiz, Javier"]
[Result "1/2-1/2"]
[WhiteElo "2360"]
[BlackElo "2460"]
[PlyCount "91"]
[EventDate "2017.08.22"]
[EventType "swiss"]
[EventRounds "9"]
[EventCountry "ESP"]
[SourceTitle "Ajedrez en Madrid"]
[Source "lmi"]
[SourceDate "2017.08.22"]
[SourceVersion "1"]
[SourceVersionDate "2018.03.05"]
[SourceQuality "1"]

1. d4 Nf6 2. c4 g6 3. Nc3 d5 4. cxd5 Nxd5 5. Bd2 Bg7 6. e4 Nxc3 7. Bxc3 O-O 8.
h4 h6 9. h5 g5 10. Ne2 e5 11. d5 c6 12. Bb4 Re8 13. Nc3 Qb6 14. Qb3 Bf8 15.
Bxf8 Rxf8 16. Qa3 Nd7 17. Be2 Nf6 18. O-O Bg4 19. Bxg4 Nxg4 20. Na4 Qa6 21. d6
Rad8 22. Rad1 Nf6 23. Qf3 Kg7 24. Nc3 Rfe8 25. Rd2 Qc4 26. Rfd1 Rd7 27. Qe3 b6
28. Qf3 Re6 29. a3 a5 30. g4 b5 31. Rd3 Qc5 32. Ne2 Rexd6 33. Rxd6 Rxd6 34. Rc1
Qb6 35. Ng3 Re6 36. Nf5+ Kh7 37. b4 axb4 38. axb4 Qa7 39. Rd1 Qa4 40. Nd6 Qxb4
41. Qf5+ Kg8 42. Nxf7 Kxf7 43. Rd7+ Re7 44. Qg6+ Ke6 45. Qf5+ Kf7 46. Qg6+
1/2-1/2

[Event "34. Abierto Collado Villalba 2017"]
[Site "Collado Villalba ESP"]
[Date "2017.08.29"]
[Round "8.2"]
[White "Hernando Pertierra, Jose Carlos"]
[Black "Martin Duque, Jesus"]
[Result "1/2-1/2"]
[WhiteElo "2348"]
[BlackElo "2386"]
[PlyCount "132"]
[EventDate "2017.08.22"]
[EventType "swiss"]
[EventRounds "9"]
[EventCountry "ESP"]
[SourceTitle "Ajedrez en Madrid"]
[Source "lmi"]
[SourceDate "2017.08.22"]
[SourceVersion "1"]
[SourceVersionDate "2018.03.05"]
[SourceQuality "1"]

1. Nf3 Nf6 2. c4 e6 3. g3 d5 4. Bg2 Be7 5. O-O O-O 6. b3 d4 7. d3 c5 8. b4 cxb4
9. a3 Nc6 10. axb4 Bxb4 11. Ba3 Bxa3 12. Rxa3 e5 13. Nfd2 Qc7 14. Ra1 Bd7 15.
Qb3 a5 16. Na3 Nb4 17. Rfc1 Bc6 18. Nc2 Nxc2 19. Rxc2 Bxg2 20. Kxg2 Nd7 21. Rb2
b6 22. Qa3 Nc5 23. Rab1 Rab8 24. Rb5 Rfe8 25. Nb3 Nd7 26. Kg1 g6 27. Nd2 Nc5
28. h4 h5 29. Nb3 Nd7 30. Nd2 Nc5 31. Nb3 Nd7 32. Nd2 f5 33. Rd5 Nc5 34. Nb3
Na6 35. Qd6 Qxd6 36. Rxd6 Kf7 37. Nd2 Re6 38. Rd5 Nb4 39. Rd7+ Re7 40. Rd6 Re6
41. Rd7+ Ke8 42. Rh7 Rc8 43. Nf3 Rc5 44. Rb7 Kd8 45. Ng5 Rf6 46. f4 exf4 47.
gxf4 Kc8 48. Rg7 Rc7 49. Rg8+ Kb7 50. Nf3 Rd6 51. Re8 Rc8 52. Re5 Rc5 53. Re7+
Ka6 54. Kf2 Rc8 55. Ne5 Nc6 56. Rg7 Nxe5 57. fxe5 Re6 58. Rd7 Rcc6 59. Rxd4
Rxe5 60. Rb2 a4 61. Rd8 Kb7 62. Rd7+ Ka6 63. Rd8 Kb7 64. Rd7+ Ka6 65. Rd8 Kb7
66. Rd7+ Ka6 1/2-1/2

[Event "34. Abierto Collado Villalba 2017"]
[Site "Collado Villalba ESP"]
[Date "2017.08.29"]
[Round "8.3"]
[White "Pastor Alonso de Prado, Emilio Alberto"]
[Black "Aranda Marin, Cristian"]
[Result "0-1"]
[WhiteElo "2176"]
[BlackElo "2263"]
[PlyCount "96"]
[EventDate "2017.08.22"]
[EventType "swiss"]
[EventRounds "9"]
[EventCountry "ESP"]
[SourceTitle "Ajedrez en Madrid"]
[Source "lmi"]
[SourceDate "2017.08.22"]
[SourceVersion "1"]
[SourceVersionDate "2018.03.05"]
[SourceQuality "1"]

1. e4 e6 2. d4 d5 3. e5 c5 4. c3 Nc6 5. Nf3 Qb6 6. Be2 f6 7. O-O fxe5 8. dxe5
Nh6 9. c4 d4 10. Bd3 Nf7 11. Qe2 g6 12. a3 Bg7 13. Re1 Ncxe5 14. Nbd2 Nxd3 15.
Qxd3 O-O 16. Ne4 a5 17. b4 axb4 18. Rb1 Bd7 19. axb4 cxb4 20. c5 Qa6 21. Qb3
Bc6 22. Nfg5 Nxg5 23. Bxg5 Qa2 24. f3 Ra4 25. Qxa2 Rxa2 26. Rxb4 Rc2 27. Rbb1
h6 28. Be7 Ra8 29. Rbc1 Bxe4 30. fxe4 d3 31. Rcd1 Raa2 32. Rxd3 Rxg2+ 33. Kh1
Rxh2+ 34. Kg1 Rhg2+ 35. Kh1 Rgd2 36. Rxd2 Rxd2 37. Rb1 Bb2 38. Rf1 Rd7 39. Bd6
Rf7 40. Rg1 Kg7 41. Rg3 g5 42. Rb3 Bd4 43. Rb4 e5 44. Ra4 g4 45. Ra7 h5 46. Ra8
h4 47. Re8 Rf1+ 48. Kh2 g3+ 0-1

[Event "34. Abierto Collado Villalba 2017"]
[Site "Collado Villalba ESP"]
[Date "2017.08.29"]
[Round "8.4"]
[White "Correas Gonzalez, Jose Ramon"]
[Black "Longa Yauca, Javier"]
[Result "0-1"]
[WhiteElo "2018"]
[BlackElo "2261"]
[PlyCount "76"]
[EventDate "2017.08.22"]
[EventType "swiss"]
[EventRounds "9"]
[EventCountry "ESP"]
[SourceTitle "Ajedrez en Madrid"]
[Source "lmi"]
[SourceDate "2017.08.22"]
[SourceVersion "1"]
[SourceVersionDate "2018.03.05"]
[SourceQuality "1"]

1. e4 Nf6 2. e5 Nd5 3. d4 d6 4. c4 Nb6 5. exd6 cxd6 6. Nc3 g6 7. h3 Bg7 8. Nf3
O-O 9. Be2 Nc6 10. O-O e5 11. Bg5 f6 12. Be3 Kh8 13. Qb3 f5 14. d5 Ne7 15. Bxb6
axb6 16. Nb5 h6 17. Qb4 Rf6 18. a4 g5 19. Nd2 Ng6 20. g3 e4 21. Rfe1 Ne5 22.
Ra3 Bd7 23. Rea1 Ra5 24. Nd4 Qc7 25. N4b3 Rf8 26. Nxa5 bxa5 27. Qb3 Be8 28. Qd1
Nd7 29. Rb1 Nc5 30. b4 axb4 31. Rxb4 f4 32. gxf4 gxf4 33. Bg4 Qe7 34. Qe2 Bf7
35. Kh1 Qh4 36. Be6 f3 37. Qf1 Be5 38. Re3 Nxe6 0-1